| 000 | 00746cab a2200241 4500 | ||
|---|---|---|---|
| 001 | ABS60155 | ||
| 008 | 090401t1999 xxu||||| |||| 00| 0 eng d | ||
| 035 | _a(Sirsi) u91498 | ||
| 041 | _aeng | ||
| 100 | _aLyall, S. | ||
| 245 | _aPFIs: Why small is suddenly beautiful | ||
| 260 | _c1999 | ||
| 350 | _a0 | ||
| 490 |
_aConstruction News _v(6603) 18 February 1999, 20(1) |
||
| 520 | _aDiscusses the application of PFI to smaller projects and quotes a Yorkshire contractor who has made successful bids for NHS healthcare projects. | ||
| 650 | _aDOWNSIZING | ||
| 650 | _aPFI | ||
| 650 | _aPRIVATE FINANCE | ||
| 650 | _aPROCUREMENT PROCEDURES | ||
| 690 | _aPROPERTY-PROPERTY FINANCE AND INVESTMENT | ||
| 942 | _n0 | ||
| 948 | _c22/02/1999 | ||
| 999 |
_c58086 _d58086 |
||